Consolidated high court bulletin for the year 1975 : (Record no. 5951)
[ view plain ]
| 000 -LEADER | |
|---|---|
| fixed length control field | 00739nam a22001697a 4500 |
| 008 - FIXED-LENGTH DATA ELEMENTS--GENERAL INFORMATION | |
| fixed length control field | 140727b xxu||||| |||| 00| 0 eng d |
| 082 ## - DEWEY DECIMAL CLASSIFICATION NUMBER | |
| Edition number | 22 ed |
| Classification number | 348.6761 |
| Item number | HIG |
| 100 ## - MAIN ENTRY--PERSONAL NAME | |
| Personal name | Edited by Eg Lya, P.F. |
| 245 ## - TITLE STATEMENT | |
| Title | Consolidated high court bulletin for the year 1975 : |
| Remainder of title | Adigest of judgements and orders of the high court of Uganda, and the Court of Appeal for East Africa on Appeal from Uganda / |
| Statement of responsibility, etc | Reprinted and Edited by Eg P.F. Lya |
| 260 ## - PUBLICATION, DISTRIBUTION, ETC. (IMPRINT) | |
| Place of publication, distribution, etc | Kampala, Uganda : |
| Name of publisher, distributor, etc | The Law Development Centre |
| Date of publication, distribution, etc | 2014 |
| 300 ## - PHYSICAL DESCRIPTION | |
| Extent | vii, 402 P. ; |
| Dimensions | 28 cm. |
| 650 ## - SUBJECT ADDED ENTRY--TOPICAL TERM | |
| Topical term or geographic name as entry element | High Court Bulletin (1975) |
| 650 ## - SUBJECT ADDED ENTRY--TOPICAL TERM | |
| Topical term or geographic name as entry element | Law Reports |
| 650 ## - SUBJECT ADDED ENTRY--TOPICAL TERM | |
| Topical term or geographic name as entry element | Consolidated high court bulletin for the year 1975 |
| 700 ## - ADDED ENTRY--PERSONAL NAME | |
| Personal name | Assistant Editor Mr.E.M. Wante |
| 942 ## - ADDED ENTRY ELEMENTS (KOHA) | |
| Source of classification or shelving scheme | Dewey Decimal Classification |
| Item type | Law Reports |
| Withdrawn status | Lost status | Source of classification or shelving scheme | Damaged status | Not for loan | Home library | Current library | Shelving location | Date acquired | Total Checkouts | Full call number | Barcode | Date last seen | Copy number | Price effective from | Koha item type | Public note |
|---|---|---|---|---|---|---|---|---|---|---|---|---|---|---|---|---|
| Dewey Decimal Classification | Law Development Centre Main Library | Law Development Centre Main Library | Law Reports | 07/27/2014 | 348.6761 HIG | 9961/2014 | 07/27/2014 | 1 | 07/27/2014 | Law Reports | Reference | |||||
| Dewey Decimal Classification | Law Development Centre Main Library | Law Development Centre Main Library | Law Reports | 07/27/2014 | 348.6761 HIG | 9962/2014 | 07/27/2014 | 2 | 07/27/2014 | Law Reports | Reference | |||||
| Dewey Decimal Classification | Law Development Centre Main Library | Law Development Centre Main Library | Law Reports | 07/27/2014 | 348.6761 HIG | 9963/2014 | 07/27/2014 | 3 | 07/27/2014 | Law Reports | Reference | |||||
| Dewey Decimal Classification | Law Development Centre Main Library | Law Development Centre Main Library | Law Reports | 07/27/2014 | 348.6761 HIG | 9971/2014 | 07/27/2014 | 4 | 07/27/2014 | Law Reports | Reference | |||||
| Dewey Decimal Classification | Law Development Centre Main Library | Law Development Centre Main Library | Law Reports | 07/27/2014 | 348.6761 HIG | 1000/2014 | 07/27/2014 | 5 | 07/27/2014 | Law Reports | Reference |
